=LDR 00000nam 2200000 4500 =001 INLIS000000000028089 =005 20130612130422 =008 ***********************************Ind** =035 ##$$0010-061300000028089 =041 ##$$a Ind =082 ##$$a F Rom K =090 ##$$a F Rom K, Gos d =100 ##$$a Gosho, Aoyama =245 ##$$a Detektif Conan Buku 32, Aoyama Gosho =260 ##$$a 2001 $b Jakarta =300 ##$$a 193 hlm, ilus, 18 cm =650 ##$$a Fiksi kanak-kanak =850 ##$$a NBPNMAT